000
00218 a2200097 4500
001
13674
100
_a
Afzal, M R
245
_a
Speeches & Statements
260
_a
Lahore
_b
University of Punjab
_c
090
_c
10668
_d
10668
942
_a
NUST-CAE
_c
M
_c
745
999
_c
248747
_d
248747